000
00188 a2200097 4500
020
_a
9781547606252
041
_a
eng
100
_a
gillian Mcdunn
245
_a
honestly Elliott
942
_c
BK
999
_c
30742
_d
30740